5HLuxD.jpg

KING HENRY VIII SENIOR AND PRIMARY SCHOOL LIBRARY OPAC

Small island / (Record no. 2907)

000 -LEADER
fixed length control field 01127nam a2200229 a 4500
001 - CONTROL NUMBER
control field 015816794
003 - CONTROL NUMBER IDENTIFIER
control field UkOxU
005 - DATE AND TIME OF LATEST TRANSACTION
control field 20230911151635.0
008 - FIXED-LENGTH DATA ELEMENTS--GENERAL INFORMATION
fixed length control field 050309s2004 enk 000 1 eng d
020 ## - INTERNATIONAL STANDARD BOOK NUMBER
International Standard Book Number 9780755307500
035 ## - SYSTEM CONTROL NUMBER
System control number (OCoLC)57541826
040 ## - CATALOGING SOURCE
Transcribing agency KH8
082 ## - DEWEY DECIMAL CLASSIFICATION NUMBER
Classification number 823.914 LEV
100 1# - MAIN ENTRY--PERSONAL NAME
Personal name Levy, Andrea,
Dates associated with a name 1956-2019,
Relator term author.
245 10 - TITLE STATEMENT
Title Small island /
Statement of responsibility, etc. Andrea Levy.
260 ## - PUBLICATION, DISTRIBUTION, ETC.
Place of publication, distribution, etc. London :
Name of publisher, distributor, etc. Review,
Date of publication, distribution, etc. 2004.
300 ## - PHYSICAL DESCRIPTION
Extent 533 p. ;
Dimensions 20 cm.
520 ## - SUMMARY, ETC.
Summary, etc. Hortense Joseph arrives in London from Jamaica in 1948 with her life in her suitcase, her heart broken, her resolve intact. Her husband, Gilbert Joseph, returns from the war expecting to be received as a hero, but finds his status as a black man in Britain to be second class. His white landlady, Queenie, raised as a farmer's daughter, befriends Gilbert, and later Hortense, with innocence and courage, until the unexpected arrival of her husband, Bernard, who returns from combat with issues of his own to resolve.
650 #0 - SUBJECT ADDED ENTRY--TOPICAL TERM
Topical term or geographic name entry element Jamaicans
Geographic subdivision England
-- London
Form subdivision Fiction.
651 #0 - SUBJECT ADDED ENTRY--GEOGRAPHIC NAME
Geographic name London (England)
General subdivision Social conditions
Form subdivision Fiction.
942 ## - ADDED ENTRY ELEMENTS (KOHA)
Source of classification or shelving scheme
Koha item type Teaching Resources
Holdings
Withdrawn status Lost status Source of classification or shelving scheme Damaged status Not for loan Collection code Permanent Location Current Location Shelving location Date acquired Full call number Barcode Date last seen Price effective from Koha item type
          Teaching Resources KH8 Senior School Library KH8 Senior School Library Staff Office 2023-09-11 823.914 LEV TRKHSL002850 2023-09-11 2023-09-11 Teaching Resources
          Teaching Resources KH8 Senior School Library KH8 Senior School Library Staff Office 2023-09-11 823.914 LEV TRKHSL002851 2023-09-11 2023-09-11 Teaching Resources
          Teaching Resources KH8 Senior School Library KH8 Senior School Library Staff Office 2023-09-11 823.914 LEV TRKHSL002852 2023-09-11 2023-09-11 Teaching Resources
          Teaching Resources KH8 Senior School Library KH8 Senior School Library Staff Office 2023-09-11 823.914 LEV TRKHSL002853 2023-09-11 2023-09-11 Teaching Resources
          Teaching Resources KH8 Senior School Library KH8 Senior School Library Staff Office 2023-09-11 823.914 LEV TRKHSL002854 2023-09-11 2023-09-11 Teaching Resources
          Teaching Resources KH8 Senior School Library KH8 Senior School Library Staff Office 2023-09-11 823.914 LEV TRKHSL002855 2023-09-11 2023-09-11 Teaching Resources
          Teaching Resources KH8 Senior School Library KH8 Senior School Library Staff Office 2023-09-11 823.914 LEV TRKHSL002856 2023-09-11 2023-09-11 Teaching Resources
          Teaching Resources KH8 Senior School Library KH8 Senior School Library Staff Office 2023-09-11 823.914 LEV TRKHSL002857 2023-09-11 2023-09-11 Teaching Resources
          Teaching Resources KH8 Senior School Library KH8 Senior School Library Staff Office 2023-09-11 823.914 LEV TRKHSL002858 2023-09-11 2023-09-11 Teaching Resources

Powered By KH8 IT Dept